000 00230nam a22001097a 4500
020 _a9789353573577
082 _a200
100 _aDIVAKARUNI, BANERJEE CHITRA
245 _aTHE FOREST OF ENCHANTMENTS
300 _a360P
942 _cBK
999 _c7947
_d7947